Kníhkupectvo s vôňou škorice Otvorte dvere do kníhkupectva plného lásky, dobrodružstva a neodolateľných škoricových slimákov

Saved in:
Bibliographic Details
Main Author Gilmore, Laurie
Format Electronic eBook
LanguageCzech
Published Metafora SK 2025
Edition1. elektronické vydání
Subjects
Online AccessDostupné v BOOKPORT po přihlášení pomocí eduID
ISBN978-80-8305-003-7
978-80-8305-001-3
Physical Description1 online zdroj (296 stran)

Cover

LEADER 00000nam a2200000 i 4500
001 bkp100304
003 CZ-prgp
005 20250318134827.0
006 m o d
007 cr cn
008 250318s2025 xr o 000 1 cze
020 |a 978-80-8305-003-7  |c 457 Kč  |q (online ; epub) 
020 |a 978-80-8305-001-3  |c 537 Kč  |q (print) 
040 |a Grada  |b cze  |e rda 
100 1 |a Gilmore, Laurie 
245 1 0 |a Kníhkupectvo s vôňou škorice  |b Otvorte dvere do kníhkupectva plného lásky, dobrodružstva a neodolateľných škoricových slimákov  |c Laurie Gilmore 
250 |a 1. elektronické vydání 
264 1 |b Metafora SK  |c 2025 
300 |a 1 online zdroj (296 stran) 
336 |a text  |b txt  |2 rdacontent 
337 |a počítač  |b c  |2 rdamedia 
338 |a online zdroj  |b cr  |2 rdacarrier 
520 3 |a Hazel zbožňuje svoj život a prácu v kníhkupectve. Desí sa však blížiacej sa tridsiatky. Má totiž pocit, že jej mladosť bola jedna veľká NUDA. Noah si už vo svojom živote užil zábavy neúrekom. V poslednom čase sa začína až pričasto objavovať v Hazelinej blízkosti. Hazel si uvedomuje, že by sa mu mala vyhýbať, lebo jeho úsmev je až príliš sexi. 
650 0 4 |a Beletrie 
650 0 4 |a Romantika, romány pro ženy 
856 4 0 |u https://www.bookport.cz/AccountSaml/SignIn/?idp=https://shibboleth.utb.cz/idp/shibboleth&returnUrl=/kniha/knihkupectvo-s-vonou-skorice-14674/  |y Dostupné v BOOKPORT po přihlášení pomocí eduID